A Study of Relationships among Organizational Citizenship Behavior, Workaholism and Deviant Behaviors with Moderating Role of Islamic Work Ethics on Students’ Performance in Engineering Educational Institutions in Pakistan/ (Record no. 586703)
[ view plain ]
| 000 -LEADER | |
|---|---|
| fixed length control field | 00700nam a22001577a 4500 |
| 040 ## - CATALOGING SOURCE | |
| Transcribing agency | NUST |
| 082 ## - DEWEY DECIMAL CLASSIFICATION NUMBER | |
| Classification number | 200 |
| 100 ## - MAIN ENTRY--PERSONAL NAME | |
| Personal name | Sattar Humayun |
| 9 (RLIN) | 35014 |
| 110 ## - MAIN ENTRY--CORPORATE NAME | |
| Corporate name or jurisdiction name as entry element | Supervisor: Dr. Syed Tasweer Hussain Shah |
| 9 (RLIN) | 95941 |
| 245 ## - TITLE STATEMENT | |
| Title | A Study of Relationships among Organizational Citizenship Behavior, Workaholism and Deviant Behaviors with Moderating Role of Islamic Work Ethics on Students’ Performance in Engineering Educational Institutions in Pakistan/ |
| Statement of responsibility, etc. | Humayun Sattar |
| 260 ## - PUBLICATION, DISTRIBUTION, ETC. | |
| Place of publication, distribution, etc. | Rawalpindi: |
| Name of publisher, distributor, etc. | NUST COLLEGE OF EME, |
| Date of publication, distribution, etc. | 2021. |
| 300 ## - PHYSICAL DESCRIPTION | |
| Extent | 229,p; |
| Other physical details | ill; |
| Dimensions | 30,cm. |
| 650 ## - SUBJECT ADDED ENTRY--TOPICAL TERM | |
| Topical term or geographic name entry element | PhD ENGINEERING MANAGEMENT |
| 9 (RLIN) | 124516 |
| 856 ## - ELECTRONIC LOCATION AND ACCESS | |
| Uniform Resource Identifier | <a href=" http://10.250.8.41:8080/xmlui/handle/123456789/34762"> http://10.250.8.41:8080/xmlui/handle/123456789/34762</a> |
| 942 ## - ADDED ENTRY ELEMENTS (KOHA) | |
| Source of classification or shelving scheme | |
| Koha item type | Soft Copy |
| Withdrawn status | Lost status | Source of classification or shelving scheme | Damaged status | Not for loan | Permanent Location | Current Location | Shelving location | Date acquired | Total Checkouts | Full call number | Barcode | Date last seen | Price effective from | Koha item type |
|---|---|---|---|---|---|---|---|---|---|---|---|---|---|---|
| Central Library (CL) | Central Library (CL) | Thesis | 07/15/2024 | 200 | CLPT-182 | 07/15/2024 | 07/15/2024 | Soft Copy | ||||||
| College of Electrical & Mechanical Engineering (CEME) | College of Electrical & Mechanical Engineering (CEME) | Reference | 11/11/2021 | 200 THE | TH-SOF-1931 | 11/11/2021 | 11/11/2021 | Reference |
